Statistics for Top 15 Most Powerful Countries of Africa

Click here to take the quiz!

General Stats

  • This quiz has been taken 58 times
  • The average score is 14 of 15

Answer Stats

RankCountry% Correct
4thNigeria
100%
2ndAlgeria
98%
8thDemocratic Republic of the Congo
98%
1stEgypt
98%
7thMorocco
98%
3rdSouth Africa
98%
5thEthiopia
92%
13thKenya
92%
10thSudan
92%
11thLibya
90%
9thTunisia
90%
6thAngola
88%
12thUganda
88%
15thChad
80%
14thZambia
71%

Score Distribution

Percentile by Number Answered

Percent of People with Each Score

Your Score History

You have not taken this quiz